000 00586nam a2200193Ia 4500
005 20250508164903.0
008 008 250505s9999 xx 000 0 eng d
037 _aDissertations
040 _aFEDL
_beng
_cFEDL
041 _aeng
_2eng
084 _a650.7, BAD/DI
_qFEDL
100 _aBadhwar Geetika
245 0 _aStudy of the gap between theory and practice in the teaching of business studies at + 2 level
260 _c2002
300 _a146p.
546 _aM.Ed. Dissertation (Delhi University)
942 _cDIS
_h650.7, BAD/DI
999 _c1391812
_d1391812